000 00558nam a2200229Ia 4500
003 OSt
005 20220918195744.0
006 a|||||r|||| 00| 0
007 ta
008 220917b |||||||| |||| 00| 0 eng d
024 _a86,190
037 _cTextual
040 _aARTS
_cARTS
_beng
041 _2eng
_aeng
082 _aT:3:A, K21 (4D)
245 0 _aTeaching of science
260 _c1962
490 _aInglis lectures. Burten lectures
650 _aEDUCATION
942 _hT:3:A, K21 (4D)
_cTEXL
_2CC
999 _c209890
_d209890